[Event "FRA-ch op-A"]
[Site "L'Alpe d'Huez"]
[Date "2023.08.25"]
[Round "7"]
[White "Cassam Chenai, Antoine"]
[Black "Oungre, Laurent"]
[Result "1/2-1/2"]
[WhiteElo "2113"]
[BlackElo "1978"]
[PlyCount "99"]
[EventDate "2023.08.19"]
[EventType "swiss"]
[EventRounds "9"]
[EventCountry "FRA"]
[SourceTitle "EXT 2024"]
[Source "ChessBase"]
[SourceDate "2023.10.10"]
[SourceVersion "1"]
[SourceVersionDate "2023.10.10"]
[SourceQuality "1"]

1. d4 d5 2. Nf3 Nf6 3. e3 c5 4. b3 Nc6 5. Bb2 cxd4 6. exd4 Bg4 7. Bd3 e6 8. 0-0 Bd6 9. Nbd2 0-0 10. c4 Rc8 11. Rc1 Bf4 12. c5 Ne4 13. Nxe4 dxe4 14. Bxe4 Bxc1 15. Qxc1 Bxf3 16. Bxf3 Nxd4 17. Bg4 Qh4 18. Qd1 Rcd8 19. g3 Qf6 20. Qa1 Rd5 21. f4 Rfd8 22. Kh1 Qg6 23. Bh3 Nc2 24. Qc1 Rd2 25. f5 Qh5 26. fxe6 Qd5+ 27. Kg1 Qxc5+ 28. Kh1 Qd5+ 29. Kg1 fxe6 30. Ba3 Qd4+ 31. Kh1 Qe4+ 32. Kg1 Qe3+ 33. Kh1 Qe2 34. Bxe6+ Qxe6 35. Qxd2 Qe4+ 36. Kg1 Nd4 37. Qg2 Qxg2+ 38. Kxg2 Nc2 39. Bc1 h5 40. Bf4 Nb4 41. h4 a6 42. Bg5 Rd3 43. Rf3 Rxf3 44. Kxf3 Kf7 45. a4 Ke6 46. Ke4 Nc6 47. Bd2 g6 48. Bf4 Na5 49. b4 Nc6 50. b5 1/2-1/2

[Event "FRA-ch op-A"]
[Site "L'Alpe d'Huez"]
[Date "2023.08.22"]
[Round "4"]
[White "Oungre, Laurent"]
[Black "Orieux, Etienne"]
[Result "1-0"]
[WhiteElo "1978"]
[BlackElo "2084"]
[PlyCount "49"]
[EventDate "2023.08.19"]
[EventType "swiss"]
[EventRounds "9"]
[EventCountry "FRA"]
[SourceTitle "EXT 2024"]
[Source "ChessBase"]
[SourceDate "2023.10.10"]
[SourceVersion "1"]
[SourceVersionDate "2023.10.10"]
[SourceQuality "1"]

1. Nf3 e6 2. c4 Nf6 3. Nc3 Bb4 4. g4 0-0 5. g5 Ne8 6. h4 d5 7. a3 Be7 8. d4 dxc4 9. Bg2 Nc6 10. Bf4 Rb8 11. h5 Nd6 12. Qd2 Nf5 13. Rd1 Bd6 14. Ne4 Bxf4 15. Qxf4 b5 16. h6 g6 17. Ne5 Nce7 18. Ng4 Bb7 19. Qe5 Bxe4 20. Nf6+ Kh8 21. Nxe4+ f6 22. Nxf6 Qd6 23. Nd7+ Kg8 24. Nxb8 Rxb8 25. e4 1-0

[Event "Angers op 15th"]
[Site "Angers"]
[Date "2022.05.28"]
[Round "3"]
[White "Bianchi, Guillaume"]
[Black "Oungre, Laurent"]
[Result "1/2-1/2"]
[WhiteElo "2141"]
[BlackElo "1832"]
[PlyCount "98"]
[EventDate "2022.05.27"]
[EventType "swiss"]
[EventRounds "6"]
[EventCountry "FRA"]
[SourceTitle "CBM 208 Extra"]
[Source "ChessBase"]
[SourceDate "2022.07.31"]
[SourceVersion "1"]
[SourceVersionDate "2022.07.31"]
[SourceQuality "1"]

1. d4 d5 2. Nf3 Nf6 3. e3 c5 4. b3 Nc6 5. Bb2 cxd4 6. exd4 Bg4 7. a3 e6 8. Be2 Bd6 9. Nbd2 Rc8 10. 0-0 0-0 11. Ne5 Bxe2 12. Qxe2 Qb6 13. Ndf3 Rc7 14. Rfe1 h6 15. Rac1 Rfc8 16. g3 Bf8 17. Kg2 Na5 18. Qd3 Ne4 19. Nd2 Nd6 20. a4 Qa6 21. Qxa6 bxa6 22. c3 Rb7 23. b4 Nac4 24. Ndxc4 Nxc4 25. Nxc4 Rxc4 26. a5 Be7 27. Rcd1 Bd8 28. Re2 g6 29. Rd3 Kg7 30. Bc1 Rb8 31. Bd2 Rbc8 32. h3 Bg5 33. f4 Be7 34. g4 Bd6 35. Rf3 Kf6 36. f5 gxf5 37. gxf5 e5 38. dxe5+ Bxe5 39. Rd3 Rg8+ 40. Kf1 d4 41. cxd4 Rxd4 42. Rf3 Rh4 43. Bc3 Bxc3 44. Rxc3 Rb8 45. Rec2 Ke5 46. Re2+ Kd5 47. Re7 f6 48. Re6 Rhxb4 49. Rxf6 Rb2 1/2-1/2